000 00337 a2200157 4500
001 73065
020 _a9788572327336
040 _cAnchieta - Colégio São Paulo
100 _aPorter, Eleanor H.
240 1 0 _aPollyanna
_lpor
245 1 0 _aPollyanna
300 _a184
362 0 _a2011
650 4 _aLiteratura juvenil
942 _cBK
999 _c73065
_d73065